000 00784cam a2200217 a 4500
999 _c913
_d913
001 2035
003 BD-DhUAP
005 20200129101216.0
008 200129s19961993nyuab b 000 0 eng
020 _a039396955X
040 _aBD-DhUAP
_cBD-DhUAP
_dBD-DhUAP
_bEng
082 0 0 _a338.90973 LEA
_223
245 0 0 _aLeading economic controversies of 1996 /
_cedited by Edwin Mansfield.
260 _aNew York :
_bNorton,
_cc1993 [Reprinted 1996].
300 _aix, 207 pages :
_billustrations ;
_c23 cm.
504 _aIncludes bibliographical references.
651 0 _aEconomic policy
_zUnited States
_y1993-2001.
700 1 _aMansfield, Edwin.
942 _2ddc
_cBK